| 000 | 00901cam a2200205 4500 | ||
|---|---|---|---|
| 001 | ABS66580 | ||
| 008 | 030429n2003 000 0 eng u | ||
| 035 | _a(Sirsi) u122120 | ||
| 100 | _aFletcher, K. | ||
| 245 | _aThinking ahead | ||
| 260 | _c2003 | ||
| 490 |
_aBuilding Services Journal _v 25(3) April 2003, 48-55(7) |
||
| 520 | _aReports on recent events in building services and considersits future. "Mind over matter" reports from Think 2010 weekend event, when the building services industry considered its current position and its future. "Secrets of success" looks at how partnering can work in real businesses as debated at the recent "Building Services Journal"conference, which identified the steps needed to get started. | ||
| 590 | _aABS | ||
| 650 | _aPARTNERING | ||
| 650 | _aCONFERENCES | ||
| 650 |
_aBlock management _96220 |
||
| 690 |
_aBlock management _96220 |
||
| 942 | _n0 | ||
| 999 |
_c72569 _d72569 |
||